Foreign footballers in PL #15 Crystal Palace F.C. - Statistics

General Stats
  • This quiz has been taken 14 times
  • The average score is 6 of 10
Answer Stats
Nationality Footballer % Correct
Serbia Luka Milivojevic
82%
Australia Mile Jedinak
82%
Norway Brede Hangeland, Alexander Sörloth
73%
Germany Max Meyer
73%
Spain Vicente Guaita, Víctor Camarasa
73%
Argentina Julián Speroni
64%
Democratic Republic of the Congo Yannick Bolasie
64%
Morocco Marouane Chamakh
55%
Jamaica Adrian Mariappa
36%
Mali Jimmy Kébé, Bakary Sako
18%
No matching quizzes found
Score Distribution
Percent of People with Each Score
Percentile by Number Answered
Your Score History
You have not taken this quiz